| 000 | 00522nam a22001937a 4500 | ||
|---|---|---|---|
| 003 | KOHA_MİRAKIL | ||
| 005 | 20251116173143.0 | ||
| 008 | 251116b tu ||||| |||| 00| 0 tur d | ||
| 020 | _a9789752554986 | ||
| 040 |
_aTR-AnABB _btur _cTR-AnABB |
||
| 041 | _atur | ||
| 082 |
_a813.42 _bBAK 2019 |
||
| 100 | 1 | _aBaki, A. | |
| 245 | 1 | 0 |
_aKovulmuş / _cA. Baki |
| 260 |
_aİstanbul : _bIq Kültür Sanat Yayıncılık, _c2019 |
||
| 300 |
_a288 sayfa ; _c21 cm |
||
| 650 | 0 | 4 | _aTürk edebiyatı, roman |
| 942 |
_2ddc _cBK |
||
| 999 |
_c9470 _d9470 |
||
| 900 | _bGizem YORULMAZ | ||